[Event "Bhopal op"]
[Site "Bhopal"]
[Date "2019.12.27"]
[Round "9"]
[White "Varun, V."]
[Black "Sreehith Reddy, R."]
[Result "1-0"]
[WhiteElo "2250"]
[BlackElo "1865"]
[PlyCount "95"]
[EventDate "2019.12.21"]
[EventType "swiss"]
[EventRounds "10"]
[EventCountry "IND"]
[SourceTitle "CBM 194 Extra"]
[Source "ChessBase"]
[SourceDate "2020.03.31"]
[SourceVersion "1"]
[SourceVersionDate "2020.03.31"]
[SourceQuality "1"]

1. d4 Nf6 2. Nf3 g6 3. g3 Bg7 4. Bg2 0-0 5. 0-0 d6 6. c4 Nc6 7. Nc3 a6 8. h3 Bd7 9. e4 e5 10. dxe5 Nxe5 11. c5 Ne8 12. Nxe5 dxe5 13. Kh2 h6 14. Qb3 Qb8 15. Be3 Be6 16. Qc2 c6 17. b4 Nc7 18. a4 Qe8 19. Rfd1 f5 20. exf5 gxf5 21. Rd6 Qf7 22. f4 e4 23. Bd4 Bxd4 24. Rxd4 Nd5 25. Nxd5 Bxd5 26. Qd2 Qg7 27. Ra3 Kh8 28. g4 Rg8 29. Rg3 Qf6 30. Qe3 Raf8 31. gxf5 Rxg3 32. Kxg3 Qxf5 33. Bxe4 Rg8+ 34. Kh2 Qe6 35. Qf3 Bxe4 36. Rxe4 Qa2+ 37. Re2 Qf7 38. Qc3+ Rg7 39. Qe5 Kh7 40. Qe4+ Kg8 41. Qe6 Kh7 42. Qxf7 Rxf7 43. Kg3 Kg7 44. Re6 Rd7 45. Kg4 Rf7 46. f5 Rd7 47. Rd6 Rf7 48. Kf4 1-0

[Event "Hyderabad op 3rd"]
[Site "Hyderabad"]
[Date "2019.08.23"]
[Round "5"]
[White "Nayak, Rajesh"]
[Black "Sreehith Reddy, R."]
[Result "1-0"]
[WhiteElo "2250"]
[BlackElo "1526"]
[PlyCount "191"]
[EventDate "2019.08.20"]
[EventType "swiss"]
[EventRounds "10"]
[EventCountry "IND"]
[SourceTitle "EXT 2020"]
[Source "ChessBase"]
[SourceDate "2019.10.17"]
[SourceVersion "1"]
[SourceVersionDate "2019.10.17"]
[SourceQuality "1"]

1. Nf3 Nf6 2. g3 g6 3. Bg2 Bg7 4. 0-0 0-0 5. d3 d6 6. c3 c6 7. Qa4 Nbd7 8. Qh4 Qa5 9. Bh6 Qh5 10. Qxh5 Nxh5 11. Bxg7 Nxg7 12. Nbd2 Nb6 13. Rfc1 Bg4 14. h3 Bxf3 15. Bxf3 f5 16. b4 e5 17. a4 a6 18. b5 axb5 19. axb5 d5 20. bxc6 bxc6 21. e3 e4 22. Be2 c5 23. dxe4 dxe4 24. Rxa8 Rxa8 25. Rb1 Na4 26. Ra1 Nb6 27. Rxa8+ Nxa8 28. Nb3 Nb6 29. Nxc5 Kf7 30. Kf1 Ke7 31. Ke1 Kd6 32. Nb3 Ne6 33. h4 h6 34. Nd4 Ke5 35. g4 Ng7 36. Nc6+ Kd6 37. Na5 g5 38. hxg5 hxg5 39. gxf5 Nxf5 40. Kd2 Kc5 41. Nb3+ Kd5 42. Kc2 Nd6 43. Nd2 Nd7 44. c4+ Ke5 45. Nb3 Nb7 46. Kc3 Ndc5 47. Nxc5 Nxc5 48. Kb4 Kd6 49. Bf1 Nd7 50. Bh3 Nc5 51. Kb5 Nd3 52. Bg4 Nc5 53. Bd1 Nd7 54. Bc2 Nc5 55. Kb4 Na6+ 56. Kb5 Nc5 57. Kb4 Na6+ 58. Kc3 Ke5 59. Kd2 Nc5 60. Ke2 Ne6 61. Kf1 Nc5 62. Kg2 Kf6 63. Kg3 Ke5 64. Bd1 Nd3 65. Bh5 Kf6 66. Be8 Nc5 67. Bc6 Kf5 68. Kg2 Ke5 69. Kf1 Kd6 70. Ba8 Ke5 71. Ke2 Kd6 72. Kd2 Ke5 73. Kc3 Na6 74. Bb7 Nc5 75. Bc6 Na6 76. Ba4 Nc5 77. Bb3 Na6 78. Bc2 Nc5 79. Kb4 Kd6 80. Kb5 g4 81. Kb4 Na6+ 82. Kc3 Ke5 83. Bd1 Nc5 84. Bxg4 Na6 85. Bh3 Nc5 86. Bf1 Na6 87. Kb3 Nc5+ 88. Kb4 Kd6 89. Be2 Na6+ 90. Kc3 Ke5 91. Bd1 Nc5 92. Bc2 Na6 93. Kb3 Nc5+ 94. Kb4 Kd6 95. Kb5 Nd3 96. f3 1-0

[Event "New Delhi Parsvnath op-C 17th"]
[Site "New Delhi"]
[Date "2019.01.15"]
[Round "8.3"]
[White "Sreehith Reddy, R."]
[Black "Gurjeet, Singh"]
[Result "1-0"]
[WhiteElo "1491"]
[BlackElo "1389"]
[PlyCount "85"]
[EventDate "2019.01.13"]
[EventType "swiss"]
[EventRounds "10"]
[EventCountry "IND"]
[SourceTitle "EXT 2024"]
[Source "ChessBase"]
[SourceDate "2023.10.10"]
[SourceVersion "1"]
[SourceVersionDate "2023.10.10"]
[SourceQuality "1"]

1. c4 Nf6 2. g3 g6 3. Bg2 Bg7 4. e4 d6 5. Ne2 c6 6. Nbc3 0-0 7. 0-0 Be6 8. d3 Qc8 9. Bd2 Bh3 10. Qc1 Bxg2 11. Kxg2 Nbd7 12. Bh6 Ne5 13. Bxg7 Kxg7 14. Qd2 Qc7 15. f4 Ned7 16. h3 e5 17. f5 Qd8 18. Kh2 h6 19. g4 Nh7 20. Ng1 a5 21. Nf3 Ng5 22. Nxg5 Qxg5 23. Qxg5 hxg5 24. Kg3 Rh8 25. Nd1 gxf5 26. Rxf5 f6 27. Ne3 Nc5 28. Rf3 Rad8 29. Raf1 Rhf8 30. Nf5+ Kg6 31. h4 gxh4+ 32. Nxh4+ Kg7 33. Nf5+ Kg6 34. a3 a4 35. Nh4+ Kg7 36. Rh1 Rh8 37. Kf2 Kf7 38. g5 Nd7 39. g6+ Kg7 40. Rfh3 Rhg8 41. Nf5+ Kxg6 42. Rg1+ Kf7 43. Nh6+ 1-0